000
00320nam a2200133Ia 4500
008
191201s2003 xx 000 0 und d
082
_a
003.320
_b
LAS
100
_a
LAW, Averill M
245
0
_a
Simulation Modeling and Analysis
260
_a
N.Delhi
_b
TMH
_c
2003
300
_a
760
650
_a
B.Tech(ECE)
942
_2
ddc
_c
BK
999
_c
451
_d
451